| 000 | 01056cam a22002771 4500 | ||
|---|---|---|---|
| 001 | 8717796 | ||
| 003 | ARRUPE | ||
| 005 | 20160216082914.0 | ||
| 007 | cr_||||||||||| | ||
| 008 | 790829s1919 nyucf 000 0beng | ||
| 010 | _a 19005426 | ||
| 035 | _a(OCoLC)5322545 | ||
| 040 |
_aDLC _cOCl _dOCoLC _dDLC |
||
| 042 | _apremarc | ||
| 050 | 0 | 0 |
_aSK17.S4 _bM5 |
| 100 | 1 |
_aMillais, John Guille, _d1865-1931. _921827 |
|
| 245 | 1 | 0 |
_aLife of Frederick Courtenay Selous, D.S.O., capt. 25th Royal fusiliers, _cby J.G. Millais ... with 14 full-page illustrations by the author and 2 portraits. |
| 250 | _a2d impression. | ||
| 260 |
_aNew York, _bLongmans, Green and Co., _c1919. |
||
| 300 |
_axi p., 1 l., 387, [1] p. _bplates, 2 port. (incl. front.) _c23 cm. |
||
| 530 | _aAlso available in digital form on the Internet Archive Web site. | ||
| 600 | 1 | 0 |
_aSelous, Frederick Courteney, _d1851-1917. _921828 |
| 650 | 0 |
_aWorld War, 1914-1918 _xCampaigns _zGerman East Africa. _99470 |
|
| 906 |
_a7 _bcbc _coclcrpl _du _encip _f19 _gy-gencatlg |
||
| 942 |
_2lcc _cSPC |
||
| 999 |
_c124045 _d124045 |
||